Learning to teach mathematics
Αποθηκεύτηκε σε:
| Κύριος συγγραφέας: | |
|---|---|
| Μορφή: | Βιβλίο |
| Γλώσσα: | English |
| Δημοσίευση: |
New York :
Mcmillan Publishing Company,
1994
|
| Έκδοση: | 2nd ed. |
| Θέματα: | |
| Ετικέτες: |
Προσθήκη ετικέτας
Δεν υπάρχουν, Καταχωρήστε ετικέτα πρώτοι!
|
MARC
| LEADER | 00000nam a2200000 i 4500 | ||
|---|---|---|---|
| 001 | 1/84135 | ||
| 008 | 990622s1994 eng d | ||
| 020 | |a 0-02-413841-X | ||
| 035 | |l 10051534 | ||
| 040 | |a GR-MY-UA |b gre |e aacr | ||
| 041 | 0 | |a eng | |
| 082 | 0 | |a 372.7044 | |
| 100 | 1 | |a Souviney, Randall J. | |
| 245 | 1 | 0 | |a Learning to teach mathematics / |c Randall J.Souviney |
| 250 | |a 2nd ed. | ||
| 260 | |a New York : |b Mcmillan Publishing Company, |c 1994 | ||
| 300 | |a 520 p. | ||
| 650 | 0 | 0 | |a Mathematics |x Study and teaching (Elementary) |
| 852 | |a INST |b RHODES |e 19990622 |h 372.7044 SOU |p 005400014755 |q 005400014755 |t BK |y 0 | ||
| 901 | |a BIBL4-1999-2 | ||
| 909 | |a Ρ |b 066127 |c 1999 | ||
| 922 | |a 4ΕΛΗ |b 199906 |c ΚΠΣ/154 |d LEADER | ||
| 970 | |a ΤΕΡΝΕΖΗΣ |b ΧΡΗΣΤΟΣ |z 19990622 | ||